00791nam a22002417a 450000500170000001000110001702000090002803500110003703700160004804000120006408200180007610000350009424500800012925000170020926000300022627000340025630000230029065000250031365000270033894200270036599900190039295201380041120170124110013.0 a527031 c6.00 a527031 bCen Lib/Ret aDPLbEN a346.0436bJHA aJhambvala, Noshirvan H.918260 aThe transfer of property act :cby Noshirvan H. Jhambvalabact iv of 1882 / a13th rev. ed aBombay bC. Jamnadas & C. bBombay a146c, Press Street,  aiv, 154pc23cm(Hb) aProperty law 917178 aLaw of transfer918261 2ddccENh346.0436mJHA c126707d126707 00104070aLbLd2015-06-26eCen Lib/Retg6.00l2m1o346.0436 JHAp527031r2025-03-22 00:00:00s2025-02-21t1v6.00w2015-06-26yEN